The Laws of South West Africa 1975 (Record no. 2829)
[ view plain ]
| 000 -LEADER | |
|---|---|
| fixed length control field | 00493nam a22001577a 4500 |
| 005 - DATE AND TIME OF INPUT | |
| control field | 20240823091202.0 |
| 008 - DATA ELEMENTS--GENERAL INFORMATION | |
| fixed length control field | 240823b |||||||| |||| 00| 0 eng d |
| 041 ## - LANGUAGE CODE | |
| Language code of text | English |
| 082 ## - SHELF NUMBER | |
| DDC number | 349 LAW |
| 100 ## - MAIN AUTHOR | |
| Language of a work | English |
| 245 ## - TITLE STATEMENT | |
| Title | The Laws of South West Africa 1975 |
| 260 ## - PUBLICATION, DISTRIBUTION, ETC. | |
| Place of publication, distribution, etc. | Windhoek: |
| Name of publisher, distributor, etc. | Order of the Honourable the Administrator of South West Africa. |
| Date of publication, distribution, etc. | 1975 |
| 300 ## - PHYSICAL DESCRIPTION | |
| Other physical details | lxxxix, 609 pages; |
| Dimensions | 25 cm. |
| 650 ## - SUBJECT` | |
| Broad subject | Legal practice |
| Own subject terms | Law |
| 942 ## - ADDED ENTRY ELEMENTS (KOHA) | |
| Item type | Books |
| 942 ## - ADDED ENTRY ELEMENTS (KOHA) | |
| -- | ALISON_BN_VRIES |
| Source of classification or shelving scheme | Not for loan | Collection code | Home library | Current library | Shelving location | Date acquired | Full call number | Barcode | Price effective from | Koha item type |
|---|---|---|---|---|---|---|---|---|---|---|
| Dewey Decimal Classification | Proclamation and Ordinance | LAW SOCIETY OF NAMIBIA LIBRARY - WINDHOEK | LAW SOCIETY OF NAMIBIA LIBRARY - WINDHOEK | Laws of South west Africa (ordinance and proclamation) | 08/23/2024 | 349 LAW | LSN/2023/4042 | 08/23/2024 | Books |
